000
00310nam a2200133Ia 4500
005
20260328104332.0
008
260328s9999||||xx |||||||||||||| ||und||
100
_a
Mortier, Michael
245
0
_a
Muebles Modernos /
_c
Michael Mortier
260
_b
Hatje
300
_a
155 p.
650
_a
MUEBLES
942
_c
BK
999
_c
11737
_d
11737